| 000 | 00696nam a22002651c 4500 | ||
|---|---|---|---|
| 001 | a987665895 | ||
| 008 | 100601s2008 gw |||| 000u rus d | ||
| 041 | _arus | ||
| 245 | 0 | 0 |
_a10 let na službe gorodu : _bNovonikolaevskaja gorodskaja Duma v dokumentach i materialach (1909-1919) |
| 246 | 1 | 0 | _aDesjat' let na službe gorodu |
| 264 |
_aNovosibirsk, _c2008 |
||
| 650 | 0 | _aStadt | |
| 650 | 0 | _aStadtverwaltung | |
| 650 | 0 | _aTranssibirische Eisenbahn | |
| 650 | 0 | _aWirtschaft | |
| 650 | 0 | _a | |
| 651 | 0 | _aNovosibirsk | |
| 651 | 0 | _aWestsibirien | |
| 651 | 0 | _aTomsk | |
| 651 | 0 | _aSibirien | |
| 655 | 0 | _aQuellenedition | |
| 942 | _cMG | ||
| 040 | _cRU-10907106 | ||
| 003 | RU-10907106 | ||
| 999 |
_c39331 _d39331 |
||